| 000 | 00387nam a2200157 a 4500 | ||
|---|---|---|---|
| 001 | 5867 | ||
| 003 | CDMR | ||
| 005 | 20130220142514.0 | ||
| 008 | 130220s1942||||||||||||||||||||||||||||d | ||
| 040 |
_aCDMR _bcat _cCDMR |
||
| 100 | 1 |
_aLazareff, Pierre _92892 |
|
| 245 | 1 | 0 |
_aDernière édition _cPierre Lazareff |
| 260 |
_aNova York _bBrentano's _c1942 |
||
| 300 |
_a427 p ; _c17 cm |
||
| 942 | _cMON | ||
| 999 |
_c5867 _d5867 |
||